| 000 | 03677pam a2201021 a 4500 | ||
|---|---|---|---|
| 020 | _a0471862517 : | ||
| 082 | 0 | 0 |
_a510.2462 _bKRE |
| 100 | 1 |
_aKreyszig, Erwin. _9572 |
|
| 245 | 1 | 0 |
_aAdvanced engineering mathematics / _cErwin Kreyszig. |
| 250 | _a5th ed. | ||
| 260 |
_aNew York : _bWiley, _cc1983. |
||
| 300 |
_axvii, 988, [92] p. : _bill. ; _c26 cm. |
||
| 526 |
_a0 _b0 _c0 _d510_246200000000000 |
||
| 526 |
_a0 _b0 _c0 _d510_246200000000000 |
||
| 526 |
_a0 _b0 _c0 _d510_246200000000000 |
||
| 526 |
_a0 _b0 _c0 _d510_246200000000000 |
||
| 526 |
_a0 _b0 _c0 _d510_246200000000000 |
||
| 526 |
_a0 _b0 _c0 _d510_246200000000000 |
||
| 526 |
_a0 _b0 _c0 _d510_246200000000000 |
||
| 526 |
_a0 _b0 _c0 _d510_246200000000000 |
||
| 526 |
_a0 _b0 _c0 _d510_246200000000000 |
||
| 526 |
_a0 _b0 _c0 _d510_246200000000000 |
||
| 526 |
_a0 _b0 _c0 _d510_246200000000000 |
||
| 526 |
_a0 _b0 _c0 _d510_246200000000000 |
||
| 526 |
_a0 _b0 _c0 _d510_246200000000000 |
||
| 526 |
_a0 _b0 _c0 _d510_246200000000000 |
||
| 526 |
_a0 _b0 _c0 _d510_246200000000000 |
||
| 526 |
_a0 _b0 _c0 _d510_246200000000000 |
||
| 526 |
_a0 _b0 _c0 _d510_246200000000000 |
||
| 526 |
_a0 _b0 _c0 _d510_246200000000000 |
||
| 526 |
_a0 _b0 _c0 _d510_246200000000000 |
||
| 526 |
_a0 _b0 _c0 _d510_246200000000000 |
||
| 526 |
_a0 _b0 _c0 _d510_246200000000000 |
||
| 526 |
_a0 _b0 _c0 _d510_246200000000000 |
||
| 526 |
_a0 _b0 _c0 _d510_246200000000000 |
||
| 526 |
_a0 _b0 _c0 _d510_246200000000000 |
||
| 526 |
_a0 _b0 _c0 _d510_246200000000000 |
||
| 526 |
_a0 _b0 _c0 _d510_246200000000000 |
||
| 526 |
_a0 _b0 _c0 _d510_246200000000000 |
||
| 526 |
_a0 _b0 _c0 _d510_246200000000000 |
||
| 526 |
_a0 _b0 _c0 _d510_246200000000000 |
||
| 526 |
_a0 _b0 _c0 _d510_246200000000000 |
||
| 526 |
_a0 _b0 _c0 _d510_246200000000000 |
||
| 526 |
_a0 _b0 _c0 _d510_246200000000000 |
||
| 526 |
_a0 _b0 _c0 _d510_246200000000000 |
||
| 526 |
_a0 _b0 _c0 _d510_246200000000000 |
||
| 526 |
_a0 _b0 _c0 _d510_246200000000000 |
||
| 526 |
_a0 _b0 _c0 _d510_246200000000000 |
||
| 526 |
_a0 _b0 _c0 _d510_246200000000000 |
||
| 526 |
_a0 _b0 _c0 _d510_246200000000000 |
||
| 526 |
_a0 _b0 _c0 _d510_246200000000000 |
||
| 526 |
_a0 _b0 _c0 _d510_246200000000000 |
||
| 526 |
_a0 _b0 _c0 _d510_246200000000000 |
||
| 526 |
_a0 _b0 _c0 _d510_246200000000000 |
||
| 526 |
_a0 _b0 _c0 _d510_246200000000000 |
||
| 526 |
_a0 _b0 _c0 _d510_246200000000000 |
||
| 526 |
_a0 _b0 _c0 _d510_246200000000000 |
||
| 526 |
_a0 _b0 _c0 _d510_246200000000000 |
||
| 526 |
_a0 _b0 _c0 _d510_246200000000000 |
||
| 526 |
_a0 _b0 _c0 _d510_246200000000000 |
||
| 526 |
_a0 _b0 _c0 _d510_246200000000000 |
||
| 526 |
_a0 _b0 _c0 _d510_246200000000000 |
||
| 526 |
_a0 _b0 _c0 _d510_246200000000000 |
||
| 526 |
_a0 _b0 _c0 _d510_246200000000000 |
||
| 526 |
_a0 _b0 _c0 _d510_246200000000000 |
||
| 526 |
_a0 _b0 _c0 _d510_246200000000000 |
||
| 526 |
_a0 _b0 _c0 _d510_246200000000000 |
||
| 526 |
_a0 _b0 _c0 _d510_246200000000000 |
||
| 526 |
_a0 _b0 _c0 _d510_246200000000000 |
||
| 526 |
_a0 _b0 _c0 _d510_246200000000000 |
||
| 526 |
_a0 _b0 _c0 _d510_246200000000000 |
||
| 526 |
_a0 _b0 _c0 _d510_246200000000000 |
||
| 526 |
_a0 _b0 _c0 _d510_246200000000000 |
||
| 526 |
_a0 _b0 _c0 _d510_246200000000000 |
||
| 526 |
_a0 _b0 _c0 _d510_246200000000000 |
||
| 526 |
_a0 _b0 _c0 _d510_246200000000000 |
||
| 526 |
_a0 _b0 _c0 _d510_246200000000000 |
||
| 526 |
_a0 _b0 _c0 _d510_246200000000000 |
||
| 526 |
_a0 _b0 _c0 _d510_246200000000000 |
||
| 526 |
_a0 _b0 _c0 _d510_246200000000000 |
||
| 526 |
_a0 _b0 _c0 _d510_246200000000000 |
||
| 526 |
_a0 _b0 _c0 _d510_246200000000000 |
||
| 526 |
_a0 _b0 _c0 _d510_246200000000000 |
||
| 650 | 0 |
_aEngineering mathematics. _92310 |
|
| 650 | 0 |
_aMathematical physics. _98499 |
|
| 650 | 0 |
_aMCE _9379 |
|
| 942 |
_2ddc _cBK |
||
| 999 |
_c542901 _d542901 |
||